000 01377nam a2200325 c 4500
003 BLK
005 20180420221505.0
008 180408b bul|||||r ||||||| ||bul||
010 _aKNG00047630000
040 _aBLK
041 _aBUL
_cBUL
_hDEU
080 _aНемски език (високонемски, стандартен писмен)
_b811.112.2
_x(072)
_z811.112.2(072)
100 1 _aИлиева, Ана Димитрова
_eпърви автор
_9278987
139 _aИлиева, Ана Димитрова
_bИ 52
245 1 0 _aМетодика на чуждоезиковото обучение
_bНем. ез. : Учебник за студентите по нем. филология
_cАна Димитрова Илиева.
250 _a5. доп. изд.
257 _aBGR
260 София
_bНаука и изкуство
_c1987
_fВарна : Ст. Добрев-Странджата
300 _a294 с
_c22 см
380 _a80
500 _a1. изд. 1954. - Библиогр. с. 289-291
650 4 _aНемски език - методика на преподаването
_9242364
653 _aнемски език
653 _aметодика на преподаването
852 _aЦб 148762
856 4 _qpdf
_u
856 4 _qpdf
_u
942 _cKNG
_n0
944 _aCR
_c25.06.2004
_kТеодора_Стоянова
944 _aED
_c19.08.2015
_k
999 _c43881
_d43881